000
00259nam a2200109Ia 4500
008
190216s9999||||xx |||||||||||||| ||und||
100
_a
Arnold Villiers
245
0
_a
Complete Letter Writing
260
_b
Allied Publications
650
_a
English
942
_c
BK
999
_c
12876
_d
12876